[Event "AUTO-ADV-699"]
[Site "http://www.queenalice.com/game.php?id=297764"]
[Date "2007.11.3"]
[Round "1"]
[White "JPSD"]
[Black "ishamael13"]
[Result "1-0"]
[WhiteElo "1600"]
[BlackElo "1792"]

1. Nf3 d5 2. Nc3 Nf6 3. d4 e6 4. Bg5 Be7 5. Bxf6 Bxf6 6. e3 a6 7. Bd3 Nc6 8. e4
dxe4 9. Bxe4 Nxd4 10. Nxd4 Bxd4 11. Qd3 f5 12. Bf3 O-O 13. O-O c5 14. Rad1 Qc7
15. g4 Rf6 16. g5 Rg6 17. Qd2 Qe7 18. h4 e5 19. Nd5 Qd8 20. c3 e4 21. Bh5 Qd6
22. Bxg6 Qg3+ 23. Kh1 Qxh4+ 24. Kg2 Qg4+ 25. Kh1 Qh3+ 26. Kg1 1-0

[Event "AUTO-ADV-699"]
[Site "http://www.queenalice.com/game.php?id=297769"]
[Date "2007.11.3"]
[Round "1"]
[White "thw"]
[Black "JPSD"]
[Result "1-0"]
[WhiteElo "1930"]
[BlackElo "1652"]

1. e4 d5 2. exd5 Qxd5 3. Nc3 Qe5+ 4. Qe2 Nc6 5. Qxe5 Nxe5 6. d4 Ng6 7. Bf4 c6 8.
Bg3 Bg4 9. Be2 h5 10. h3 Bf5 11. O-O-O O-O-O 12. Nf3 f6 13. d5 e6 14. dxc6 bxc6
15. Rxd8+ Kxd8 16. Rd1+ Ke8 17. Nd4 N8e7 18. Bc4 e5 19. Nxf5 Nxf5 20. Bh2 h4 21.
Be6 Nd4 22. Bb3 Bb4 23. Ne4 Nxb3+ 24. axb3 Nf4 25. Bxf4 exf4 26. c3 Be7 27. Re1
Kf7 28. Rd1 a5 29. Rd7 Ke6 30. Ra7 f5 31. Nd2 Bc5 32. Rxa5 Bxf2 33. Nf3 Be3+ 34.
Kc2 Rd8 35. Nxh4 Rd2+ 36. Kb1 c5 37. Ra6+ Ke5 38. Nf3+ Kd5 39. Nxd2 Bxd2 40. Rg6
c4 41. b4 Ke4 42. Rxg7 f3 43. gxf3+ Kxf3 44. Kc2 Bh6 45. Rc7 Kg3 46. Kd1 f4 47.
Ke2 f3+ 48. Kf1 Bc1 49. Rxc4 Bxb2 50. h4 1-0

[Event "AUTO-ADV-699"]
[Site "http://www.queenalice.com/game.php?id=297770"]
[Date "2007.11.3"]
[Round "1"]
[White "JPSD"]
[Black "thw"]
[Result "0-1"]
[WhiteElo "1626"]
[BlackElo "1824"]

1. Nf3 d5 2. Nc3 Nc6 3. e4 Bg4 4. h3 Bxf3 5. gxf3 d4 6. Nd5 e6 7. Nf4 Bd6 8. Nd3
Nf6 9. c4 dxc3 10. dxc3 Qe7 11. Bg5 h6 12. Bxf6 Qxf6 13. Nb4 Nxb4 14. cxb4 Bxb4+
15. Ke2 Qxb2+ 16. Ke3 Bc5+ 17. Kf4 Qxf2 18. Bb5+ c6 19. Bxc6+ bxc6 20. h4 Be3+
21. Kg4 f5+ 22. exf5 exf5+ 23. Kxf5 O-O+ 24. Kg4 Qg2+ 25. Kh5 Rf5# 0-1

[Event "AUTO-INT-673"]
[Site "http://www.queenalice.com/game.php?id=297993"]
[Date "2007.11.4"]
[Round "1"]
[White "silverado"]
[Black "JPSD"]
[Result "1-0"]
[WhiteElo "1724"]
[BlackElo "1609"]

1. e4 e5 2. Qf3 d6 3. Bc4 Nf6 4. d3 Bd7 5. h3 b5 6. Bb3 h6 7. g4 Na6 8. g5 hxg5
9. Bxg5 Nc5 10. Nd2 a5 11. Bxf6 Qxf6 12. O-O-O Nxb3+ 13. cxb3 a4 14. b4 Qe6 15.
a3 Bc6 16. Kb1 d5 17. Ne2 dxe4 18. Nxe4 Bxb4 19. axb4 O-O-O 20. Qe3 Kb8 21. Nc5
Qc8 22. f3 Rxh3 23. Rxh3 Qxh3 24. Ng1 Qh1 25. Rc1 Qh5 26. Na6+ Kb7 27. Nc5+ Kc8
28. Ne2 f6 29. Ne6 Qe8 30. Nxd8 Kxd8 31. d4 exd4 32. Qxe8+ Bxe8 33. Nxd4 Bd7 34.
Rd1 Kc8 35. Rh1 Kb7 36. Ka1 Kb6 37. Rh7 c5 38. bxc5+ Kxc5 39. Nc2 Bf5 40. Rh2
1-0

[Event "AUTO-INT-673"]
[Site "http://www.queenalice.com/game.php?id=297994"]
[Date "2007.11.4"]
[Round "1"]
[White "JPSD"]
[Black "silverado"]
[Result "0-1"]
[WhiteElo "1628"]
[BlackElo "1684"]

1. Nf3 f6 2. e4 e5 3. Bc4 c6 4. d4 d6 5. dxe5 dxe5 6. Qxd8+ Kxd8 7. Be3 b5 8.
Bxg8 Rxg8 9. Nc3 a6 10. Bb6+ Ke8 11. O-O-O Nd7 12. Be3 Nc5 13. Bxc5 Bxc5 14. Rd2
Be6 15. Rhd1 Kf7 16. a3 a5 17. h3 g5 18. g4 Bc4 19. h4 h6 20. Rd7+ Ke6 21. Rc7
Ra6 22. h5 Bxf2 23. Rdd7 Bc5 24. Rh7 b4 25. Na4 Be3+ 26. Kb1 Re8 27. Rxh6 Rd8
28. Nxg5+ Bxg5 29. Rhh7 Rd1# 0-1

[Event "AUTO-INT-673"]
[Site "http://www.queenalice.com/game.php?id=298005"]
[Date "2007.11.4"]
[Round "1"]
[White "VachislavVasilievichRagosin"]
[Black "JPSD"]
[Result "1-0"]
[WhiteElo "1849"]
[BlackElo "1633"]

1. Nf3 Nc6 2. e4 d6 3. d4 e5 4. Bb5 Bd7 5. O-O a6 6. Bxc6 Bxc6 7. Nc3 Nf6 8.
dxe5 Nxe4 9. Nxe4 Bxe4 10. Re1 Bxf3 11. exd6+ Kd7 12. dxc7+ Kxc7 13. Qxf3 Qf6
14. Bf4+ Kb6 15. Re3 Ka7 16. Rb3 Qc6 17. Be3+ Kb8 18. Bf4+ Bd6 19. Bxd6+ 1-0

[Event "AUTO-INT-673"]
[Site "http://www.queenalice.com/game.php?id=298006"]
[Date "2007.11.4"]
[Round "1"]
[White "JPSD"]
[Black "VachislavVasilievichRagosin"]
[Result "0-1"]
[WhiteElo "1614"]
[BlackElo "1878"]

1. Nf3 g6 2. e3 Bg7 3. Bc4 d5 4. Bb5+ c6 5. Ba4 e5 6. d4 e4 7. Nfd2 b5 8. Bb3
Nf6 9. Nc3 Bg4 10. f3 exf3 11. gxf3 Bh3 12. e4 dxe4 13. Ndxe4 Nxe4 14. Nxe4 Qh4+
15. Nf2 Bxd4 16. Qe2+ Kd7 17. Bxf7 Rf8 18. Be3 Bxe3 19. Qxe3 Rxf7 20. O-O-O+ Kc7
21. Nxh3 Qxh3 22. Qe8 Rd7 23. Qe5+ Kb7 24. Rxd7+ Nxd7 25. Qg7 Rd8 26. b3 Qxf3
27. Rd1 Kc8 28. Qxh7 Qe3+ 29. Kb1 Ne5 30. h4 Rxd1+ 31. Kb2 Qd4+ 32. Ka3 Nc4+ 33.
Kb4 a5# 0-1

[Event "AUTO-INT-673"]
[Site "http://www.queenalice.com/game.php?id=298011"]
[Date "2007.11.4"]
[Round "1"]
[White "Little_Link"]
[Black "JPSD"]
[Result "0-1"]
[WhiteElo "1413"]
[BlackElo "1589"]

1. e4 Nf6 2. Nh3 Nxe4 3. d3 Nc5 4. d4 Ne4 5. f3 Nf6 6. Nc3 d5 7. Bf4 Bxh3 8.
gxh3 a6 9. Qe2 e6 10. O-O-O Bb4 11. a3 Bxc3 12. bxc3 Nh5 13. Be3 Qd6 14. Kb2
Qb6+ 15. Kc1 Nd7 16. f4 Qa5 17. Qxh5 Qxa3+ 18. Kd2 Nf6 19. Qe5 Ne4+ 20. Kd3
Qxc3+ 21. Ke2 Qxc2+ 22. Rd2 Nxd2 23. Bxd2 O-O 24. Rg1 g6 25. f5 exf5 26. Bg2
Rae8 27. Qxe8 Rxe8+ 28. Kf2 Qxd2+ 29. Kg3 Qe3+ 30. Bf3 Qxg1+ 31. Bg2 Re3+ 32.
Kf4 Qf2+ 33. Bf3 Qxf3+ 34. Kg5 Kg7 35. h4 f6# 0-1

[Event "AUTO-INT-673"]
[Site "http://www.queenalice.com/game.php?id=298012"]
[Date "2007.11.4"]
[Round "1"]
[White "JPSD"]
[Black "Little_Link"]
[Result "0-1"]
[WhiteElo "1624"]
[BlackElo "1372"]

1. Nf3 d5 2. e3 Nf6 3. Bb5+ c6 4. Ba4 b5 5. Bb3 e5 6. Nxe5 Bd6 7. d4 c5 8. c3 c4
9. Bc2 Ne4 10. Bxe4 dxe4 11. Qh5 g6 12. Qh6 Bf8 13. Qf4 Be6 14. Na3 g5 15. Qxe4
b4 16. Qxa8 bxa3 17. Qxa7 Bd6 18. bxa3 f6 19. Qa4+ Nd7 20. Nxd7 Bxd7 21. Qxc4 h5
22. f4 gxf4 23. Bd2 f3 24. gxf3 Bh3 25. e4 Bxa3 26. Qa4+ Kf7 27. Qxa3 Qg8 28.
Rb1 Qg2 29. Rf1 Qxf1# 0-1

[Event "AUTO-INT-383"]
[Site "http://www.queenalice.com/game.php?id=299663"]
[Date "2007.11.7"]
[Round "2"]
[White "kloosterveen"]
[Black "JPSD"]
[Result "1-0"]
[WhiteElo "2014"]
[BlackElo "1598"]

1. d4 d5 2. e3 Na6 3. c4 Bf5 4. Nc3 Nb4 5. Qa4+ Nc6 6. cxd5 Qd7 7. dxc6 bxc6 8.
Nf3 f6 9. Qa6 e6 10. Be2 Bd6 11. O-O Nh6 12. e4 Bg4 13. e5 Bxf3 14. Bxf3 O-O 15.
Bxc6 Qc8 16. Bb7 Qb8 17. Bxa8 fxe5 18. dxe5 Bxe5 19. Qxe6+ Nf7 20. Bd5 Qe8 21.
Qxe8 Rxe8 22. Bxf7+ Kxf7 23. Be3 a6 24. Rad1 Ke6 25. f4 Bxc3 26. bxc3 h6 27.
Rfe1 Kf5 28. Rd7 1-0

[Event "AUTO-INT-383"]
[Site "http://www.queenalice.com/game.php?id=299664"]
[Date "2007.11.7"]
[Round "2"]
[White "JPSD"]
[Black "kloosterveen"]
[Result "0-1"]
[WhiteElo "1602"]
[BlackElo "1997"]

1. Nc3 e6 2. Nf3 d5 3. d4 Nf6 4. Bg5 Be7 5. Bxf6 Bxf6 6. e4 O-O 7. h4 dxe4 8.
Nxe4 Nc6 9. c3 Be7 10. Nfg5 f5 11. Nc5 Bxg5 12. hxg5 Qxg5 13. Rh5 Qe7 14. Qf3 g6
15. Rh2 Qd6 16. g3 Qd5 17. Qxd5 exd5 18. O-O-O f4 19. Rd3 fxg3 20. Rxg3 b6 21.
Nd3 Bd7 22. b4 a5 23. Nf4 Rxf4 0-1

[Event "AUTO-INT-383"]
[Site "http://www.queenalice.com/game.php?id=299667"]
[Date "2007.11.7"]
[Round "2"]
[White "ray"]
[Black "JPSD"]
[Result "0-1"]
[WhiteElo "1603"]
[BlackElo "1639"]

1. c4 e6 2. Nc3 d5 3. e3 Nh6 4. Nge2 dxc4 5. Qa4+ Nc6 6. g3 Bb4 7. Bg2 Bxc3 8.
Nxc3 Qd3 9. Bf1 Qf5 10. Qxc4 Ng4 11. Bh3 Nce5 12. O-O Nxc4 13. e4 Qg5 14. d3 Nd2
15. f4 Qc5+ 16. Kg2 Ne3+ 17. Kh1 Nexf1 18. Bxf1 Nxf1 19. Ne2 Qf2 0-1

[Event "AUTO-INT-383"]
[Site "http://www.queenalice.com/game.php?id=299668"]
[Date "2007.11.7"]
[Round "2"]
[White "JPSD"]
[Black "ray"]
[Result "0-1"]
[WhiteElo "1592"]
[BlackElo "1303"]

1. e4 c5 2. Na3 Nc6 3. c3 g6 4. Qa4 Bg7 5. d3 Nf6 6. Bf4 O-O 7. Nc4 d6 8. Be2
Bd7 9. Qb3 b6 10. Nxd6 exd6 11. Bxd6 Be6 12. Qd1 Qxd6 13. h3 Na5 14. Nf3 c4 15.
O-O Nh5 16. Ng5 Nf4 17. d4 Nxe2+ 18. Qxe2 Bd7 19. f4 h6 20. Nf3 b5 21. e5 Qe6
22. Rad1 f6 23. d5 Qf5 24. e6 Bc8 0-1

[Event "AUTO-INT-383"]
[Site "http://www.queenalice.com/game.php?id=299671"]
[Date "2007.11.7"]
[Round "2"]
[White "JPSD"]
[Black "rrainey22"]
[Result "0-1"]
[WhiteElo "1647"]
[BlackElo "1614"]

1. e4 e5 2. Nf3 d5 3. Nxe5 dxe4 4. Bc4 Nh6 5. d3 Qe7 6. d4 f6 7. Qh5+ g6 8. Nxg6
hxg6 9. Qxg6+ Kd8 10. Bf4 Be6 11. d5 Bf7 12. Qg3 Qb4+ 13. Qc3 b5 14. O-O bxc4
15. Rd1 Qxc3 16. Nxc3 Nf5 17. b3 cxb3 18. axb3 a6 19. Nxe4 Nd7 20. b4 Bxb4 21.
Rab1 a5 22. c3 Bd6 23. Bxd6 cxd6 24. g4 Nh6 25. Nxd6 Ke7 26. Nxf7 Kxf7 27. h3
Rhc8 28. Re1 Ne5 29. Re3 Kg6 30. f4 Nef7 31. Rb6 Kg7 32. Ree6 Ng8 33. g5 fxg5
34. fxg5 Rab8 35. Rxb8 Rxb8 36. h4 Rc8 37. g6 Nd8 38. Ra6 Rc5 39. d6 Nf6 40. Kf2
Ne4+ 41. Ke1 Kxg6 42. c4 Kf6 43. d7+ Ke7 0-1

[Event "AUTO-INT-383"]
[Site "http://www.queenalice.com/game.php?id=299672"]
[Date "2007.11.7"]
[Round "2"]
[White "rrainey22"]
[Black "JPSD"]
[Result "1-0"]
[WhiteElo "1598"]
[BlackElo "1598"]

1. e4 e6 2. d4 h5 3. e5 d5 4. f4 f6 5. Be2 g6 6. Nf3 Be7 7. Nh4 Rh6 8. f5 fxe5
9. Bxh6 Bxh4+ 10. g3 Nxh6 11. gxh4 Nxf5 12. dxe5 Qxh4+ 13. Kd2 Qf4+ 14. Ke1 Qe4
15. Rg1 Ne3 16. Nc3 Nxc2+ 17. Kd2 Qxe5 18. Qxc2 Nc6 19. Qxg6+ Kd7 20. Qxh5 Qd4+
21. Ke1 a6 22. Qf7+ Ne7 23. Rg7 Qb4 24. Rb1 b5 25. Bg4 Kc6 26. Qe8+ Kb7 27. Qxe7
Qxe7 28. Rxe7 d4 29. Ne4 e5 30. Bxc8+ Rxc8 31. Rxe5 Rh8 32. Rd1 Rxh2 33. Rd2
Rh1+ 34. Ke2 Kb6 35. a3 Ka5 36. Nc5 Rh2+ 37. Kd3 Rxd2+ 38. Kxd2 1-0

[Event "Challenge"]
[Site "http://www.queenalice.com/game.php?id=320193"]
[Date "2007.12.14"]
[Round "-"]
[White "JAYMAC10"]
[Black "JPSD"]
[Result "0-1"]
[WhiteElo "1606"]
[BlackElo "1596"]

1. d4 d5 2. c4 e6 3. cxd5 Qxd5 4. Nc3 Bb4 5. a3 Bxc3+ 6. bxc3 Nf6 7. Bf4 Qc6 8.
Nf3 Qxc3+ 9. Bd2 Qb2 10. e3 O-O 11. Rc1 Nd5 12. Bd3 Qxa3 13. e4 Qxd3 14. exd5
Qe4+ 15. Kf1 Qxd5 16. Rxc7 e5 17. Qc1 Nc6 18. Bh6 gxh6 19. Qxh6 Qd8 20. Ng5 Bf5
21. g4 Bd3+ 22. Ke1 Qxc7 23. Kd2 Nb4 24. Rc1 Qb6 25. Qxb6 axb6 26. Rb1 Bxb1 0-1

[Event "Challenge"]
[Site "http://www.queenalice.com/game.php?id=320194"]
[Date "2007.12.14"]
[Round "-"]
[White "JPSD"]
[Black "JAYMAC10"]
[Result "0-1"]
[WhiteElo "1621"]
[BlackElo "1545"]

1. Nf3 f5 2. d4 Nf6 3. Nc3 e6 4. Bg5 Bb4 5. Qd3 b6 6. O-O-O Qe7 7. a3 Ba6 8. Qd2
Bxa3 9. Na4 Bxb2+ 10. Nxb2 Qa3 11. c3 Ne4 12. Qe1 Bc4 13. Nd2 Nxd2 14. Qxd2 Bb3
15. e4 Qa1# 0-1